000 00859nam a2200253Ia 4500
003 OSt
005 20220923215725.0
006 a|||||r|||| 00| 0
007 ta
008 220922b |||||||| |||| 00| 0 hin d
024 _a181,213
037 _cTextual
040 _aARTS
_cARTS
_bhin
041 _2hin
_ahin
082 _aO152,1N326x, M6
100 _aनीलनी, कान्ता
_9156318
245 0 _aजकडे़ रिश्ते उखडे़ पँाव
246 _aJakaḍe़ rishte ukhaḍe़ paँāva
260 _aलखनऊ
_b हिन्दी साहित्य भण्डार
_c1986
300 _a78 पृ.
_ccm.
650 _aहिन्दी साहित्य
_9156264
942 _hO152,1N326x, M6
_cTEXL
_2CC
999 _c334591
_d334591